000 00697nam a2200277Ia 4500
005 20260324113009.0
008 008 260324s9999 xx 000 0 eng d
020 _a9781032651958
037 _aEBOOK
040 _aCRL
040 _beng
040 _cCRL
041 _2eng
041 _aeng
084 _qCRL
100 _aOpeyeolu Timothy Laseinde; Andrew C. Eloka-Eboka
_91145002
245 0 _aLocalized Energy Transition in the 4th Industrial Revolution
260 _bTaylor and Francis
260 _c2024
365 _a
365 _b260
856 _uhttp://www.taylorfrancis.com/books/9781032651958
942 _cEBOOK
999 _c1734413
_d1734413